00745cam a2200229 a 4500001000800000005001700008008004100025010001700066020003900083040001800122041000800140080001400148082001800162100000700180101000800187245008200195504005100277906004500328942001200373999001700385952011300402112292620180301034458.0940106s1994 nyua b 001 0 eng  a 94002305  a0671864416 :c$23.00 ($29.50 Can.) aDLCcDLCdDLC aeng a158.1 COV00a158.1 COV2201 a58 aBIZ10aFirst things first :cStephen R. Covey, A. Roger Merrill, Rebecca R. Merrill. aIncludes bibliographical references and index. a7bcbccorignewd1eocipf19gy-gencatlg 2ddccBK c43758d43758 00102udc40708PËKGa002b002cPËKGd2018-03-01l0o158.1 COVp002-3000437r2018-03-01w2018-03-01yBK